History and Religion of Israel (Record no. 17543)
[ view plain ]
| 000 -LEADER | |
|---|---|
| fixed length control field | 00587nam a2200241 a 4500 |
| 020 ## - INTERNATIONAL STANDARD BOOK NUMBER | |
| ISBN | 9780198369158 |
| 082 00 - DEWEY DECIMAL CLASSIFICATION NUMBER | |
| Classification number | 296.09 |
| Author Cutter | AND |
| 100 ## - MAIN ENTRY--AUTHOR NAME | |
| Author name | Anderson, G W |
| 245 ## - TITLE STATEMENT | |
| Title | History and Religion of Israel |
| 260 ## - PUBLICATION, DISTRIBUTION, ETC. (IMPRINT) | |
| Place of publication | |
| Name of publisher | Oxford University Press |
| Year of publication | 1966 |
| 300 ## - PHYSICAL DESCRIPTION | |
| Number of Pages | 210p |
| 500 ## - GENERAL NOTE | |
| General note | includes index and biblioraphy |
| 505 2# - FORMATTED CONTENTS NOTE | |
| Formatted contents note | Indices |
| 650 ## - SUBJECT ADDED ENTRY--TOPICAL TERM | |
| Topical Term | Judaism-History |
| 942 ## - ADDED ENTRY ELEMENTS (KOHA) | |
| Koha item type | Books |
| 700 1# - | |
| -- | Anderson, G W |
| Collection code | Home library | Current library | Date acquired | Cost, normal purchase price | Full call number | Accession Number | Koha item type |
|---|---|---|---|---|---|---|---|
| Henry Martyn Institute Library | Henry Martyn Institute Library | 09/23/2010 | 100.00 | 296.09 AND | 11002221 | Books |
